[Event "Russian Rapid Championship (m)"]
[Site "Sochi"]
[Date "2022.10.16"]
[Round "10.9"]
[White "Afanasiev, Nikita"]
[Black "Goltsev, Dmitry"]
[Result "1/2-1/2"]
[BlackElo "2145"]
[WhiteElo "2535"]
[LiveChessVersion "1.4.8"]

1. e4 {[%clk 0:15:17]} e6 {[%clk 0:15:19]} 2. d4 {[%clk 0:15:22]} d5
{[%clk 0:15:28]} 3. Nc3 {[%clk 0:15:29]} Nf6 {[%clk 0:15:34]} 4. e5
{[%clk 0:15:38]} Nfd7 {[%clk 0:15:40]} 5. f4 {[%clk 0:15:46]} c5 {[%clk 0:15:49]}
6. Nf3 {[%clk 0:15:54]} Nc6 {[%clk 0:15:58]} 7. Be3 {[%clk 0:16:02]} a6
{[%clk 0:16:04]} 8. Qd2 {[%clk 0:15:58]} b5 {[%clk 0:16:06]} 9. a3
{[%clk 0:16:06]} g6 {[%clk 0:15:40]} 10. Be2 {[%clk 0:16:11]} h5 {[%clk 0:15:25]}
11. O-O {[%clk 0:16:18]} cxd4 {[%clk 0:15:28]} 12. Nxd4 {[%clk 0:16:26]} Nxd4
{[%clk 0:15:31]} 13. Bxd4 {[%clk 0:16:34]} Bb7 {[%clk 0:15:40]} 14. Kh1
{[%clk 0:16:22]} Rc8 {[%clk 0:15:47]} 15. a4 {[%clk 0:14:47]} b4 {[%clk 0:15:40]}
16. Na2 {[%clk 0:14:56]} a5 {[%clk 0:15:44]} 17. c3 {[%clk 0:15:01]} Nc5
{[%clk 0:14:12]} 18. Qe3 {[%clk 0:15:00]} Nb3 {[%clk 0:13:06]} 19. Rad1
{[%clk 0:14:26]} Nxd4 {[%clk 0:13:03]} 20. cxd4 {[%clk 0:13:51]} Be7
{[%clk 0:13:04]} 21. Nc1 {[%clk 0:13:04]} Qb6 {[%clk 0:12:55]} 22. Nb3
{[%clk 0:12:53]} Ba6 {[%clk 0:12:40]} 23. Bxa6 {[%clk 0:11:45]} Qxa6
{[%clk 0:12:48]} 24. Qd3 {[%clk 0:11:54]} Qxd3 {[%clk 0:12:07]} 25. Rxd3
{[%clk 0:12:03]} Kd7 {[%clk 0:12:15]} 26. Rd2 {[%clk 0:11:46]} Rc7
{[%clk 0:12:22]} 27. g3 {[%clk 0:11:48]} Rhc8 {[%clk 0:12:12]} 28. Kg2
{[%clk 0:11:54]} Ra8 {[%clk 0:11:43]} 29. h3 {[%clk 0:11:59]} Kc6
{[%clk 0:10:43]} 30. Rc1+ {[%clk 0:11:17]} Kb6 {[%clk 0:10:52]} 31. Rdc2
{[%clk 0:11:23]} Rxc2+ {[%clk 0:10:56]} 32. Rxc2 {[%clk 0:11:32]} Rh8
{[%clk 0:10:51]} 33. Nd2 {[%clk 0:10:41]} Kb7 {[%clk 0:10:52]} 34. b3
{[%clk 0:10:20]} Bd8 {[%clk 0:10:33]} 35. Nf3 {[%clk 0:10:28]} Be7
{[%clk 0:10:27]} 36. g4 {[%clk 0:10:14]} hxg4 {[%clk 0:10:33]} 37. hxg4
{[%clk 0:10:22]} Kb6 {[%clk 0:10:40]} 38. Rc1 {[%clk 0:10:17]} Kb7
{[%clk 0:10:06]} 39. Kg3 {[%clk 0:10:01]} Kb6 {[%clk 0:10:11]} 40. Rc2
{[%clk 0:07:52]} Kb7 {[%clk 0:10:12]} 41. f5 {[%clk 0:06:11]} gxf5
{[%clk 0:08:05]} 42. gxf5 {[%clk 0:06:20]} exf5 {[%clk 0:07:57]} 43. Kf4
{[%clk 0:06:29]} Rh3 {[%clk 0:07:52]} 44. Rf2 {[%clk 0:04:57]} Kc6
{[%clk 0:07:49]} 45. Kxf5 {[%clk 0:05:02]} Kd7 {[%clk 0:07:55]} 46. Rf1
{[%clk 0:05:06]} Rg3 {[%clk 0:07:57]} 47. Rf2 {[%clk 0:03:40]} Rh3
{[%clk 0:07:57]} 48. Kg4 {[%clk 0:02:30]} Rh1 {[%clk 0:07:38]} 49. Rd2
{[%clk 0:02:27]} Rb1 {[%clk 0:07:33]} 50. Rd3 {[%clk 0:02:36]} Ke6
{[%clk 0:07:38]} 51. Kf4 {[%clk 0:02:34]} Rb2 {[%clk 0:07:36]} 52. Ne1
{[%clk 0:02:14]} f6 {[%clk 0:06:51]} 53. Re3 {[%clk 0:01:47]} fxe5+
{[%clk 0:06:49]} 54. Rxe5+ {[%clk 0:01:56]} Kd6 {[%clk 0:06:56]} 55. Nd3
{[%clk 0:02:00]} Rd2 {[%clk 0:06:46]} 56. Ke3 {[%clk 0:01:49]} Rc2
{[%clk 0:06:41]} 57. Nf4 {[%clk 0:00:44]} Rc3+ {[%clk 0:05:42]} 58. Kd2
{[%clk 0:00:53]} Rxb3 {[%clk 0:05:46]} 59. Rxd5+ {[%clk 0:01:01]} Kc6
{[%clk 0:05:41]} 60. Rxa5 {[%clk 0:01:10]} Ra3 {[%clk 0:05:20]} 61. Nd3
{[%clk 0:01:09]} Ra2+ {[%clk 0:05:12]} 62. Ke3 {[%clk 0:01:03]} b3
{[%clk 0:05:11]} 63. Ne5+ {[%clk 0:01:12]} Kc7 {[%clk 0:04:38]} 64. Ra7+
{[%clk 0:01:11]} Kc8 {[%clk 0:04:22]} 65. Rxe7 {[%clk 0:00:16]} b2
{[%clk 0:04:24]} 66. Nc6 {[%clk 0:00:20]} b1=Q {[%clk 0:04:19]} 67. Na7+
{[%clk 0:00:28]} 1/2-1/2

[Event "Russian Rapid Championship (m)"]
[Site "Sochi"]
[Date "2022.10.16"]
[Round "10.10"]
[White "Grachev, Boris"]
[Black "Salemgareev, Tagir"]
[Result "1-0"]
[BlackElo "2432"]
[WhiteElo "2612"]
[LiveChessVersion "1.4.8"]

1. d4 {[%clk 0:14:46]} Nf6 {[%clk 0:15:17]} 2. c4 {[%clk 0:14:44]} e6
{[%clk 0:15:25]} 3. Nc3 {[%clk 0:14:54]} Bb4 {[%clk 0:15:34]} 4. e3
{[%clk 0:15:03]} O-O {[%clk 0:15:41]} 5. Bd3 {[%clk 0:15:10]} d5 {[%clk 0:15:49]}
6. a3 {[%clk 0:15:04]} Bxc3+ {[%clk 0:15:55]} 7. bxc3 {[%clk 0:15:13]} dxc4
{[%clk 0:16:03]} 8. Bxc4 {[%clk 0:15:21]} c5 {[%clk 0:16:12]} 9. Ne2
{[%clk 0:15:23]} b6 {[%clk 0:16:10]} 10. O-O {[%clk 0:15:26]} Ba6
{[%clk 0:16:15]} 11. Bxa6 {[%clk 0:15:16]} Nxa6 {[%clk 0:16:23]} 12. Qd3
{[%clk 0:15:24]} Nb8 {[%clk 0:16:28]} 13. e4 {[%clk 0:15:22]} Nc6
{[%clk 0:16:20]} 14. Bg5 {[%clk 0:15:30]} h6 {[%clk 0:16:24]} 15. Bh4
{[%clk 0:15:39]} Ne5 {[%clk 0:16:03]} 16. Qe3 {[%clk 0:14:13]} cxd4
{[%clk 0:16:03]} 17. cxd4 {[%clk 0:14:22]} Ng6 {[%clk 0:16:12]} 18. Bg3
{[%clk 0:14:31]} Qd7 {[%clk 0:16:18]} 19. f3 {[%clk 0:13:37]} Rac8
{[%clk 0:16:24]} 20. Rfc1 {[%clk 0:13:45]} Rfd8 {[%clk 0:16:02]} 21. Rxc8
{[%clk 0:12:58]} Rxc8 {[%clk 0:16:10]} 22. Rc1 {[%clk 0:13:07]} Rxc1+
{[%clk 0:15:22]} 23. Qxc1 {[%clk 0:13:16]} Ne8 {[%clk 0:15:30]} 24. Qc4
{[%clk 0:12:46]} Nd6 {[%clk 0:13:16]} 25. Qb4 {[%clk 0:12:10]} Nb7
{[%clk 0:13:24]} 26. h4 {[%clk 0:11:36]} Ne7 {[%clk 0:13:28]} 27. Kh2
{[%clk 0:11:34]} Nc6 {[%clk 0:13:00]} 28. Qb5 {[%clk 0:11:25]} Nba5
{[%clk 0:12:42]} 29. a4 {[%clk 0:11:10]} Qd8 {[%clk 0:11:25]} 30. d5
{[%clk 0:10:58]} exd5 {[%clk 0:11:33]} 31. exd5 {[%clk 0:10:56]} a6
{[%clk 0:11:41]} 32. Qd3 {[%clk 0:09:33]} Ne5 {[%clk 0:11:00]} 33. Qe4
{[%clk 0:07:21]} Nd7 {[%clk 0:11:04]} 34. d6 {[%clk 0:07:20]} Nb3
{[%clk 0:10:48]} 35. Nc3 {[%clk 0:06:38]} Nbc5 {[%clk 0:10:55]} 36. Qe7
{[%clk 0:06:12]} Qa8 {[%clk 0:10:21]} 37. Bf2 {[%clk 0:05:48]} Qc6
{[%clk 0:10:07]} 38. Qd8+ {[%clk 0:05:20]} Kh7 {[%clk 0:09:59]} 39. Qc7
{[%clk 0:05:22]} Qa8 {[%clk 0:08:49]} 40. Bxc5 {[%clk 0:04:52]} Nxc5
{[%clk 0:08:58]} 41. d7 {[%clk 0:04:31]} Ne6 {[%clk 0:09:06]} 42. Qc8
{[%clk 0:04:38]} 1-0

[Event "Russian Rapid Championship (m)"]
[Site "Sochi"]
[Date "2022.10.16"]
[Round "10.11"]
[White "Alekseev, Evgeny"]
[Black "Sutormin, Danila"]
[Result "1-0"]
[BlackElo "2363"]
[WhiteElo "2533"]
[LiveChessVersion "1.4.8"]

1. e4 {[%clk 0:15:18]} c5 {[%clk 0:15:18]} 2. Nf3 {[%clk 0:15:25]} e6
{[%clk 0:15:26]} 3. d4 {[%clk 0:15:25]} cxd4 {[%clk 0:15:34]} 4. Nxd4
{[%clk 0:15:33]} Nc6 {[%clk 0:15:42]} 5. Nc3 {[%clk 0:15:37]} Qc7
{[%clk 0:15:51]} 6. g4 {[%clk 0:14:36]} a6 {[%clk 0:15:32]} 7. Be3
{[%clk 0:14:20]} b5 {[%clk 0:15:40]} 8. Nxc6 {[%clk 0:13:41]} Qxc6
{[%clk 0:15:48]} 9. Qd2 {[%clk 0:13:27]} Bb7 {[%clk 0:15:43]} 10. O-O-O
{[%clk 0:12:55]} b4 {[%clk 0:15:39]} 11. Ne2 {[%clk 0:12:58]} Nf6
{[%clk 0:15:46]} 12. f3 {[%clk 0:12:54]} d5 {[%clk 0:15:41]} 13. e5
{[%clk 0:12:00]} Nd7 {[%clk 0:15:33]} 14. Bd4 {[%clk 0:11:33]} a5
{[%clk 0:11:53]} 15. Kb1 {[%clk 0:11:29]} Ba6 {[%clk 0:11:44]} 16. Ng3
{[%clk 0:10:08]} a4 {[%clk 0:10:14]} 17. f4 {[%clk 0:09:44]} b3 {[%clk 0:06:35]}
18. cxb3 {[%clk 0:09:28]} axb3 {[%clk 0:06:43]} 19. a3 {[%clk 0:09:33]} Be7
{[%clk 0:03:43]} 20. Bxa6 {[%clk 0:04:52]} Qxa6 {[%clk 0:03:12]} 21. f5
{[%clk 0:05:00]} Nb6 {[%clk 0:02:13]} 22. Bxb6 {[%clk 0:04:35]} Qxb6
{[%clk 0:02:22]} 23. Nh5 {[%clk 0:04:02]} g6 {[%clk 0:02:02]} 24. Nf6+
{[%clk 0:04:10]} Bxf6 {[%clk 0:01:56]} 25. exf6 {[%clk 0:04:19]} Kd7
{[%clk 0:00:24]} 26. fxe6+ {[%clk 0:04:00]} fxe6 {[%clk 0:00:31]} 27. Qh6
{[%clk 0:03:51]} Rag8 {[%clk 0:00:12]} 28. Rhf1 {[%clk 0:02:20]} Qd6
{[%clk 0:00:18]} 29. Rd3 {[%clk 0:01:11]} Qa6 {[%clk 0:00:20]} 30. Rff3
{[%clk 0:00:44]} Qc4 {[%clk 0:00:29]} 31. Rxb3 {[%clk 0:00:48]} Qxg4
{[%clk 0:00:28]} 32. Ka2 {[%clk 0:00:42]} g5 {[%clk 0:00:12]} 33. f7
{[%clk 0:00:41]} Rf8 {[%clk 0:00:22]} 34. Qf6 {[%clk 0:00:43]} Qe4
{[%clk 0:00:15]} 35. Rb7+ {[%clk 0:00:32]} Kd6 {[%clk 0:00:13]} 36. Rb6+
{[%clk 0:00:36]} Kd7 {[%clk 0:00:14]} 37. Rfb3 {[%clk 0:00:29]} d4
{[%clk 0:00:13]} 38. Rb7+ {[%clk 0:00:29]} Kd6 {[%clk 0:00:16]} 39. Qe7+ Ke5 40.
Qxg5+ {[%clk 0:00:33]} Kd6 {[%clk 0:00:33]} 41. R3b6+ {[%clk 0:00:40]} 1-0

[Event "Russian Rapid Championship (m)"]
[Site "Sochi"]
[Date "2022.10.16"]
[Round "10.12"]
[White "Gontcharov, Vladislav"]
[Black "Ponkratov, Pavel"]
[Result "1-0"]
[BlackElo "2518"]
[WhiteElo "2366"]
[LiveChessVersion "1.4.8"]

1. d4 {[%clk 0:15:17]} Nf6 {[%clk 0:15:19]} 2. c4 {[%clk 0:15:26]} e6
{[%clk 0:15:27]} 3. Nf3 {[%clk 0:15:22]} d5 {[%clk 0:15:34]} 4. Nc3
{[%clk 0:15:27]} Bb4 {[%clk 0:15:43]} 5. Bg5 {[%clk 0:13:35]} dxc4
{[%clk 0:15:30]} 6. e4 {[%clk 0:12:32]} c5 {[%clk 0:15:30]} 7. e5
{[%clk 0:09:02]} cxd4 {[%clk 0:15:36]} 8. exf6 {[%clk 0:07:18]} gxf6
{[%clk 0:15:44]} 9. Bd2 {[%clk 0:07:27]} dxc3 {[%clk 0:15:44]} 10. bxc3
{[%clk 0:07:34]} Be7 {[%clk 0:15:29]} 11. Bxc4 {[%clk 0:07:36]} Qc7
{[%clk 0:15:30]} 12. Qe2 {[%clk 0:07:35]} Nd7 {[%clk 0:15:05]} 13. O-O
{[%clk 0:07:29]} b6 {[%clk 0:15:05]} 14. Nd4 {[%clk 0:06:31]} Bb7
{[%clk 0:15:09]} 15. Bxe6 {[%clk 0:06:29]} O-O-O {[%clk 0:14:05]} 16. Bh3
{[%clk 0:05:20]} Bc5 {[%clk 0:13:28]} 17. Nb5 {[%clk 0:05:04]} Qe5
{[%clk 0:13:36]} 18. Qc4 {[%clk 0:04:42]} a6 {[%clk 0:12:45]} 19. Na7+
{[%clk 0:02:57]} Kb8 {[%clk 0:12:54]} 20. Bf4 {[%clk 0:03:06]} Kxa7
{[%clk 0:13:02]} 21. Bxe5 {[%clk 0:03:11]} Nxe5 {[%clk 0:13:11]} 22. Qf4
{[%clk 0:02:51]} Rhg8 {[%clk 0:13:20]} 23. Kh1 {[%clk 0:02:55]} Rd6
{[%clk 0:13:13]} 24. Rad1 {[%clk 0:02:46]} Rc6 {[%clk 0:12:30]} 25. g3
{[%clk 0:02:16]} Ng6 {[%clk 0:11:52]} 26. Qc1 {[%clk 0:02:10]} Ba3
{[%clk 0:10:51]} 27. Qb1 {[%clk 0:02:17]} Nh4 {[%clk 0:10:42]} 28. f3
{[%clk 0:01:43]} Ng6 {[%clk 0:09:18]} 29. Qb3 {[%clk 0:01:47]} Bd6
{[%clk 0:08:55]} 30. Qxf7 {[%clk 0:01:50]} Rf8 {[%clk 0:09:02]} 31. Qxh7
{[%clk 0:01:45]} Rh8 {[%clk 0:08:51]} 32. Qxg6 {[%clk 0:01:36]} Rxh3
{[%clk 0:08:59]} 33. Kg2 {[%clk 0:01:37]} Rh8 {[%clk 0:09:07]} 34. Rd3
{[%clk 0:01:38]} Bc7 {[%clk 0:09:06]} 35. Re1 {[%clk 0:01:19]} 1-0

[Event "Russian Rapid Championship (m)"]
[Site "Sochi"]
[Date "2022.10.16"]
[Round "10.13"]
[White "Demidov, Mikhail"]
[Black "Bryakin, Mikhail"]
[Result "1/2-1/2"]
[BlackElo "2369"]
[WhiteElo "2488"]
[LiveChessVersion "1.4.8"]

1. e4 {[%clk 0:15:18]} c6 {[%clk 0:15:17]} 2. c4 {[%clk 0:15:27]} d5
{[%clk 0:15:25]} 3. exd5 {[%clk 0:15:33]} cxd5 {[%clk 0:15:33]} 4. cxd5
{[%clk 0:15:42]} Nf6 {[%clk 0:15:41]} 5. Nc3 {[%clk 0:15:51]} Nxd5
{[%clk 0:15:40]} 6. Nf3 {[%clk 0:15:59]} g6 {[%clk 0:15:28]} 7. Qb3
{[%clk 0:16:05]} Nb6 {[%clk 0:15:15]} 8. Bb5+ {[%clk 0:15:35]} Bd7
{[%clk 0:14:19]} 9. Ne5 {[%clk 0:13:16]} e6 {[%clk 0:14:15]} 10. d4
{[%clk 0:11:52]} Nc6 {[%clk 0:13:15]} 11. Be3 {[%clk 0:10:27]} Bg7
{[%clk 0:13:01]} 12. Rd1 {[%clk 0:10:33]} O-O {[%clk 0:12:40]} 13. O-O
{[%clk 0:10:36]} Na5 {[%clk 0:10:32]} 14. Qb4 {[%clk 0:10:18]} Bxb5
{[%clk 0:10:08]} 15. Qxb5 {[%clk 0:09:56]} Nd5 {[%clk 0:09:43]} 16. Nxd5
{[%clk 0:08:19]} Qxd5 {[%clk 0:09:51]} 17. Qxd5 {[%clk 0:08:27]} exd5
{[%clk 0:09:59]} 18. Rc1 {[%clk 0:07:54]} Rac8 {[%clk 0:09:31]} 19. b3
{[%clk 0:07:53]} Rfe8 {[%clk 0:08:18]} 20. Bd2 {[%clk 0:07:07]} Nc6
{[%clk 0:06:59]} 21. Nxc6 {[%clk 0:06:59]} Rxc6 {[%clk 0:07:06]} 22. Rxc6
{[%clk 0:06:47]} bxc6 {[%clk 0:07:15]} 23. Be3 {[%clk 0:06:56]} Re4
{[%clk 0:06:47]} 24. Rd1 {[%clk 0:07:05]} f5 {[%clk 0:06:49]} 25. Kf1
{[%clk 0:07:08]} f4 {[%clk 0:06:29]} 26. Bc1 {[%clk 0:07:11]} Rxd4
{[%clk 0:04:25]} 27. Rxd4 {[%clk 0:07:19]} Bxd4 {[%clk 0:04:34]} 28. Bxf4
{[%clk 0:07:27]} Kf7 {[%clk 0:04:17]} 29. Ke2 {[%clk 0:07:32]} Ke6
{[%clk 0:04:03]} 30. f3 {[%clk 0:07:14]} a6 {[%clk 0:03:49]} 31. Bd2
{[%clk 0:06:56]} c5 {[%clk 0:03:06]} 32. Kd3 {[%clk 0:06:23]} Be5
{[%clk 0:03:12]} 33. f4 {[%clk 0:05:01]} Bd6 {[%clk 0:03:09]} 34. g4
{[%clk 0:05:03]} h5 {[%clk 0:03:01]} 35. h3 {[%clk 0:05:04]} hxg4
{[%clk 0:03:08]} 36. hxg4 {[%clk 0:05:13]} Bc7 {[%clk 0:03:02]} 37. Bc1
{[%clk 0:04:06]} Bb8 {[%clk 0:03:04]} 38. Be3 {[%clk 0:03:47]} Bd6
{[%clk 0:03:10]} 39. Bc1 {[%clk 0:03:13]} Ke5 40. Ke4+ 1/2-1/2

[Event "Russian Rapid Championship (m)"]
[Site "Sochi"]
[Date "2022.10.16"]
[Round "10.14"]
[White "Zakhartsov, Vladimir"]
[Black "Iljin, Timofey"]
[Result "1-0"]
[BlackElo "2488"]
[WhiteElo "2435"]
[LiveChessVersion "1.4.8"]

1. c4 {[%clk 0:15:16]} e6 {[%clk 0:15:19]} 2. d4 {[%clk 0:15:23]} d5
{[%clk 0:15:28]} 3. Nf3 {[%clk 0:15:31]} Nf6 {[%clk 0:15:36]} 4. g3
{[%clk 0:15:40]} dxc4 {[%clk 0:15:45]} 5. Bg2 {[%clk 0:15:49]} Nc6
{[%clk 0:15:53]} 6. Qa4 {[%clk 0:15:56]} Bb4+ {[%clk 0:16:02]} 7. Bd2
{[%clk 0:16:00]} Nd5 {[%clk 0:16:10]} 8. Bxb4 {[%clk 0:15:59]} Ndxb4
{[%clk 0:16:18]} 9. O-O {[%clk 0:13:52]} Rb8 {[%clk 0:16:22]} 10. Ne5
{[%clk 0:13:01]} Qxd4 {[%clk 0:13:00]} 11. Nxc6 {[%clk 0:12:34]} Nxc6
{[%clk 0:13:08]} 12. Bxc6+ {[%clk 0:11:58]} bxc6 {[%clk 0:13:16]} 13. Rd1
{[%clk 0:11:50]} Qc5 {[%clk 0:12:29]} 14. Rd2 {[%clk 0:11:19]} O-O
{[%clk 0:12:07]} 15. Nc3 {[%clk 0:11:27]} Rb4 {[%clk 0:11:34]} 16. Qc2
{[%clk 0:11:31]} Ba6 {[%clk 0:08:46]} 17. Rad1 {[%clk 0:11:28]} h6
{[%clk 0:08:31]} 18. Rd7 {[%clk 0:10:44]} Qe5 {[%clk 0:07:10]} 19. R1d4
{[%clk 0:09:56]} c5 {[%clk 0:06:18]} 20. Re4 {[%clk 0:09:38]} Qf5
{[%clk 0:06:25]} 21. Qd2 {[%clk 0:09:20]} Rbb8 {[%clk 0:04:21]} 22. f3
{[%clk 0:08:58]} Bb7 {[%clk 0:03:25]} 23. Rxc4 {[%clk 0:08:54]} Qe5
{[%clk 0:03:17]} 24. Qf4 {[%clk 0:07:30]} Qxf4 {[%clk 0:02:37]} 25. Rxf4
{[%clk 0:07:38]} Bd5 {[%clk 0:02:42]} 26. b3 {[%clk 0:07:39]} e5 {[%clk 0:02:39]}
27. Rh4 {[%clk 0:07:45]} Bb7 {[%clk 0:01:32]} 28. Rc4 {[%clk 0:07:38]} Rfd8
{[%clk 0:01:05]} 29. Rxc7 {[%clk 0:07:23]} Rd2 {[%clk 0:01:13]} 30. R4xc5
{[%clk 0:07:25]} e4 {[%clk 0:01:07]} 31. Rb5 {[%clk 0:07:25]} Rc2
{[%clk 0:00:53]} 32. fxe4 {[%clk 0:06:52]} Rd8 {[%clk 0:00:27]} 33. Rbxb7
{[%clk 0:06:56]} Rdd2 {[%clk 0:00:19]} 34. Rxa7 {[%clk 0:06:54]} Kh7
{[%clk 0:00:19]} 35. Rxf7 {[%clk 0:06:41]} Rxc3 {[%clk 0:00:26]} 36. Rxg7+
{[%clk 0:06:49]} Kh8 {[%clk 0:00:36]} 37. Rgd7 {[%clk 0:06:55]} Rxd7
{[%clk 0:00:33]} 38. Rxd7 {[%clk 0:07:03]} Rc2 {[%clk 0:00:42]} 39. a4
{[%clk 0:06:56]} Rxe2 {[%clk 0:00:50]} 40. a5 {[%clk 0:07:04]} Ra2
{[%clk 0:00:54]} 41. b4 {[%clk 0:07:12]} Ra4 {[%clk 0:00:58]} 42. Rb7
{[%clk 0:07:16]} Kg8 {[%clk 0:01:05]} 43. Kf2 {[%clk 0:07:18]} Ra3
{[%clk 0:01:12]} 44. g4 {[%clk 0:07:23]} Kf8 {[%clk 0:01:22]} 45. h4 Ke8 46. g5
{[%clk 0:07:34]} hxg5 {[%clk 0:01:40]} 47. hxg5 {[%clk 0:07:43]} Kf8
{[%clk 0:01:48]} 48. e5 {[%clk 0:07:43]} Ke8 {[%clk 0:01:54]} 49. g6
{[%clk 0:07:50]} Kf8 {[%clk 0:02:03]} 50. e6 {[%clk 0:07:57]} Ra2+
{[%clk 0:02:00]} 51. Kf3 {[%clk 0:08:06]} Ra3+ {[%clk 0:02:09]} 52. Kf4
{[%clk 0:08:14]} Ra1 {[%clk 0:02:15]} 53. Rb8+ {[%clk 0:08:17]} Ke7
{[%clk 0:02:24]} 54. g7 {[%clk 0:08:26]} Rf1+ {[%clk 0:02:33]} 55. Ke3
{[%clk 0:08:34]} Rg1 {[%clk 0:02:12]} 56. g8=Q {[%clk 0:08:41]} Rxg8
{[%clk 0:02:21]} 57. Rxg8 {[%clk 0:08:49]} Kxe6 {[%clk 0:02:30]} 58. a6
{[%clk 0:08:58]} Kf7 {[%clk 0:02:40]} 59. Rb8 {[%clk 0:09:06]} Ke6
{[%clk 0:02:49]} 60. Rb5 {[%clk 0:09:14]} Kd6 {[%clk 0:02:58]} 61. Rc5
{[%clk 0:09:23]} Kd7 {[%clk 0:03:08]} 62. a7 {[%clk 0:09:32]} Ke7
{[%clk 0:03:17]} 63. a8=Q {[%clk 0:09:36]} Kd6 {[%clk 0:03:26]} 64. Qa6+
{[%clk 0:09:43]} Kd7 {[%clk 0:03:35]} 65. Rb5 {[%clk 0:09:50]} Kd8
{[%clk 0:03:42]} 66. Rb7 {[%clk 0:09:58]} Kc8 {[%clk 0:03:52]} 67. Qa8#
{[%clk 0:10:07]} 1-0

[Event "Russian Rapid Championship (m)"]
[Site "Sochi"]
[Date "2022.10.16"]
[Round "10.15"]
[White "Khegay, Dmitriy"]
[Black "Vastrukhin, Oleg"]
[Result "0-1"]
[BlackElo "2358"]
[WhiteElo "2486"]
[LiveChessVersion "1.4.8"]

1. e4 {[%clk 0:15:02]} e6 {[%clk 0:15:17]} 2. d4 {[%clk 0:15:08]} d5
{[%clk 0:15:25]} 3. e5 {[%clk 0:15:16]} c5 {[%clk 0:15:33]} 4. c3
{[%clk 0:15:25]} Nc6 {[%clk 0:15:42]} 5. Nf3 {[%clk 0:15:34]} Bd7
{[%clk 0:15:50]} 6. Be2 {[%clk 0:15:42]} Nge7 {[%clk 0:15:58]} 7. Na3
{[%clk 0:15:42]} cxd4 {[%clk 0:15:01]} 8. cxd4 {[%clk 0:15:50]} Ng6
{[%clk 0:13:40]} 9. h4 {[%clk 0:15:27]} Bb4+ {[%clk 0:12:43]} 10. Kf1
{[%clk 0:15:16]} Nge7 {[%clk 0:11:25]} 11. Nc2 {[%clk 0:15:13]} Ba5
{[%clk 0:11:24]} 12. Bd2 {[%clk 0:14:55]} Bb6 {[%clk 0:10:50]} 13. Bc3
{[%clk 0:14:37]} f6 {[%clk 0:09:21]} 14. exf6 {[%clk 0:14:31]} gxf6
{[%clk 0:09:30]} 15. Qd2 {[%clk 0:14:34]} Nf5 {[%clk 0:09:28]} 16. Bd3
{[%clk 0:14:19]} Nd6 {[%clk 0:09:27]} 17. Qh6 {[%clk 0:14:02]} Qe7
{[%clk 0:09:18]} 18. a4 {[%clk 0:12:50]} a5 {[%clk 0:09:15]} 19. Na3
{[%clk 0:12:14]} O-O-O {[%clk 0:08:56]} 20. Nb5 {[%clk 0:12:21]} Nxb5
{[%clk 0:06:41]} 21. Bxb5 {[%clk 0:12:05]} Kb8 {[%clk 0:06:18]} 22. Qd2
{[%clk 0:12:13]} e5 {[%clk 0:04:50]} 23. Bxc6 {[%clk 0:11:47]} Bxc6
{[%clk 0:04:47]} 24. Bxa5 {[%clk 0:11:08]} Bxa5 {[%clk 0:03:35]} 25. Qxa5
{[%clk 0:11:17]} Rhg8 {[%clk 0:03:37]} 26. Re1 {[%clk 0:10:57]} e4
{[%clk 0:03:06]} 27. Ng1 {[%clk 0:10:56]} Qg7 {[%clk 0:02:18]} 28. g3
{[%clk 0:11:04]} f5 {[%clk 0:02:24]} 29. Qd2 {[%clk 0:10:55]} f4 {[%clk 0:01:26]}
30. Qxf4+ {[%clk 0:11:04]} Ka8 {[%clk 0:01:34]} 31. Qd2 {[%clk 0:08:05]} Rdf8
{[%clk 0:01:38]} 32. Re3 {[%clk 0:08:11]} Qh6 {[%clk 0:00:31]} 33. Ne2
{[%clk 0:07:59]} Rf6 {[%clk 0:00:18]} 34. Ke1 {[%clk 0:07:18]} Rgf8
{[%clk 0:00:21]} 35. Nf4 {[%clk 0:07:09]} Rxf4 {[%clk 0:00:21]} 36. gxf4
{[%clk 0:07:18]} Qxf4 {[%clk 0:00:30]} 37. Rg3 {[%clk 0:05:25]} e3
{[%clk 0:00:13]} 38. Rxe3 {[%clk 0:05:33]} Qf5 {[%clk 0:00:20]} 39. Rhh3
{[%clk 0:03:58]} Bd7 {[%clk 0:00:12]} 40. Rhf3 {[%clk 0:04:00]} Qb1+
{[%clk 0:00:21]} 41. Qd1 {[%clk 0:03:24]} Qxd1+ {[%clk 0:00:29]} 42. Kxd1
{[%clk 0:03:33]} Bg4 {[%clk 0:00:38]} 43. Ke2 {[%clk 0:03:43]} b5
{[%clk 0:00:14]} 44. a5 {[%clk 0:01:54]} b4 {[%clk 0:00:22]} 45. Rb3
{[%clk 0:02:01]} Ka7 {[%clk 0:00:30]} 46. Rxb4 {[%clk 0:01:24]} Rxf3
{[%clk 0:00:24]} 47. Rb6 {[%clk 0:00:57]} Rb3+ {[%clk 0:00:19]} 48. f3
{[%clk 0:01:02]} Rxf3 {[%clk 0:00:16]} 49. Kd2 {[%clk 0:01:10]} Bf5
{[%clk 0:00:19]} 50. b4 {[%clk 0:00:47]} Rd3+ {[%clk 0:00:27]} 51. Ke2
{[%clk 0:00:56]} Rxd4 {[%clk 0:00:35]} 52. b5 {[%clk 0:00:37]} Rb4
{[%clk 0:00:41]} 53. Ra6+ {[%clk 0:00:34]} Kb7 {[%clk 0:00:46]} 54. Rb6+
{[%clk 0:00:43]} Kc7 {[%clk 0:00:52]} 55. Rc6+ {[%clk 0:00:48]} Kd7
{[%clk 0:00:44]} 56. Rb6 {[%clk 0:00:49]} d4 {[%clk 0:00:44]} 57. Kf3
{[%clk 0:00:45]} Bd3 {[%clk 0:00:43]} 58. a6 {[%clk 0:00:30]} Rxb5
{[%clk 0:00:42]} 59. a7 {[%clk 0:00:30]} Ra5 {[%clk 0:00:45]} 60. Rb4
{[%clk 0:00:39]} Bg6 {[%clk 0:00:29]} 61. Rxd4+ {[%clk 0:00:35]} Ke6
{[%clk 0:00:35]} 0-1